| 000 | 00694nam a2200217 a 4500 | ||
|---|---|---|---|
| 005 | 20250805063904.0 | ||
| 008 | 040921s1997 mx r 000 0 spa d | ||
| 020 | _a9682933846 | ||
| 035 | _aUPN01000134751 | ||
| 049 | _aCG | ||
| 050 | 4 |
_aTA140 B2.85 _bL4.6 1997 |
|
| 100 | 1 |
_aLeón López, Enrique G. _928992 |
|
| 245 | 1 | 0 |
_aJuan de Dios Bátiz : _bbreve historia de su vida / _cEnrique G. León López. |
| 250 | _a2a ed. rev. y aum. | ||
| 260 |
_aMéxico : _bIPN, _c1997. |
||
| 300 |
_a145 p. : _bil. |
||
| 600 | 1 | 4 |
_aBATIS PAREDES, JUAN DE DIOS, _d1890-1979 _93351 |
| 610 | 2 | 4 | _aINSTITUTO POLITECNICO NACIONAL (MEXICO) |
| 650 | 4 |
_aIngenieros mexicanos _vBiografía _9468 |
|
| 905 | _aLibro | ||
| 999 |
_c106902 _d106902 |
||